000 00745nam a22002297a 4500
999 _c19762
_d19762
003 AR-CdUCM
008 190405b ||||| |||| 00| 0 spa d
040 _aMUNICIPALIDAD PROVINCIAL DEL CUSCO
_cBIBLIOTECA MUNICIPAL DEL CUSCO
041 _hge
082 _a160 /
_bP52
_23ed
100 _aPfander. A
_929373
245 _aLógica /
260 _aBuenos Aires :
_bEspasa calpe,
_c1945.
300 _a422 paginas ;
_c21 cm.
505 _aContenido :la doctrina del juicio -- Doctrina del concepto -- Los principios lógicos supremos...
650 _aFilosofía moderna
_913004
650 _aFilosofía
_9395
650 _aHistoria
_9136
700 _aJ.Bances Perez (traducción)
_941331
942 _2ddc
_cLIBROS
945 _adavv
_d2019-05-21